Universidad y proceso histórico : aproximación a la Universidad de Carabobo desde la perspectiva del proceso histórico venezolano (1892-1958) /
Saved in:
| Main Author: | |
|---|---|
| Format: | Book |
| Language: | Spanish |
| Published: |
Valencia, Venezuela :
Universidad de Carabobo, Oficina del Cronista,
1997.
|
| Edition: | 1. ed. |
| Subjects: | |
| Tags: |
Add Tag
No Tags, Be the first to tag this record!
|
| LEADER | 00921cam a22002654a 4500 | ||
|---|---|---|---|
| 001 | 007733606-2 | ||
| 005 | 20020606104010.5 | ||
| 008 | 980519s1997 ve a b 000 0 spa | ||
| 010 | |a 98151915 | ||
| 020 | |a 9802331554 | ||
| 035 | 0 | |a ocm39179359 | |
| 040 | |a DLC |c DLC |d HLS | ||
| 042 | |a pcc | ||
| 043 | |a s-ve--- | ||
| 050 | 0 | 0 | |a LE76.V3 |b H87 1997 |
| 100 | 2 | |a Hurtado León, Iván. | |
| 245 | 1 | 0 | |a Universidad y proceso histórico : |b aproximación a la Universidad de Carabobo desde la perspectiva del proceso histórico venezolano (1892-1958) / |c Iván Hurtado León. |
| 250 | |a 1. ed. | ||
| 260 | |a Valencia, Venezuela : |b Universidad de Carabobo, Oficina del Cronista, |c 1997. | ||
| 300 | |a 287 p. : |b ill. ; |c 22 cm. | ||
| 504 | |a Includes bibliographical references (p. 135-141). | ||
| 610 | 2 | 0 | |a Universidad de Carabobo |x History. |
| 650 | 0 | |a Education, Higher |z Venezuela |x History. | |
| 988 | |a 20020608 | ||
| 906 | |0 DLC | ||


